| 000 | 01023 a2200373 4500 | ||
|---|---|---|---|
| 005 | 20250805102908.0 | ||
| 008 | 250805b |||||||| |||| 00| 0 eng d | ||
| 041 | _aFr | ||
| 044 | _aCIV | ||
| 090 | _bDG/N/3083 | ||
| 100 | _a | ||
| 100 | _aBAKAYOKO, Lassana | ||
| 100 | _aKOUADJO-ZEZE, Claude | ||
| 100 | _aBOGUINARD, Sahin Honorine Guiraud | ||
| 100 | _aYAO, Amah Lucie, | ||
| 100 | _aOUREGA, Marie Lydie | ||
| 110 | _aCentre National de Recherche Agronomique | ||
| 110 | _bCote d'Ivoire | ||
| 245 |
_aBien extraire l'ADN genomique des tissus foliaires du cacaoyer _b: Fihe Technique |
||
| 260 | _aAbidjan | ||
| 260 | _bCNRA | ||
| 260 | _c2025 | ||
| 302 | _a2 p. | ||
| 388 | _a2025-08-05 | ||
| 650 |
_2AGROVOC _gCNRA |
||
| 650 | _gFiche Technique | ||
| 650 | _gTheobroma cacao | ||
| 650 | _gExtraction | ||
| 650 | _gGenomique | ||
| 650 | _gFoliaire | ||
| 650 | _2ADN | ||
| 650 | _gTissus | ||
| 856 | _uhttps://ftech.byethost7.com/wp-content/uploads/2025/08/DGN3083.pdf | ||
| 999 |
_c5954 _d5954 |
||